<?xml version="1.0" encoding="UTF-8"?>
<record
    xmlns:xsi="http://www.w3.org/2001/XMLSchema-instance"
    xsi:schemaLocation="http://www.loc.gov/MARC21/slim http://www.loc.gov/standards/marcxml/schema/MARC21slim.xsd"
    xmlns="http://www.loc.gov/MARC21/slim">

  <leader>04034cam a2200337Ii 4500</leader>
  <controlfield tag="001">om1442813387</controlfield>
  <controlfield tag="003">EG-ScBUE</controlfield>
  <controlfield tag="005">20260407102000.0</controlfield>
  <controlfield tag="008">201027s2021    enka   f b    001 0 eng d</controlfield>
  <datafield tag="020" ind1=" " ind2=" ">
    <subfield code="a">9781108460897</subfield>
  </datafield>
  <datafield tag="040" ind1=" " ind2=" ">
    <subfield code="a">YDX</subfield>
    <subfield code="b">eng</subfield>
    <subfield code="e">rda</subfield>
    <subfield code="c">YDX</subfield>
    <subfield code="d">UKMGB</subfield>
    <subfield code="d">OCLCO</subfield>
    <subfield code="d">OCLCF</subfield>
    <subfield code="d">TDF</subfield>
    <subfield code="d">RES</subfield>
    <subfield code="d">OCLCO</subfield>
    <subfield code="d">YDXIT</subfield>
    <subfield code="d">IXA</subfield>
    <subfield code="d">OCLCO</subfield>
    <subfield code="d">CNTAB</subfield>
    <subfield code="d">TOH</subfield>
    <subfield code="d">ERASA</subfield>
    <subfield code="d">EG-ScBUE</subfield>
  </datafield>
  <datafield tag="082" ind1="0" ind2="4">
    <subfield code="a">781.54</subfield>
    <subfield code="2">22</subfield>
    <subfield code="b">CAM</subfield>
  </datafield>
  <datafield tag="245" ind1="0" ind2="4">
    <subfield code="a">The Cambridge companion to video game music /</subfield>
    <subfield code="c">edited by Melanie Fritsch, Heinrich Heine University Dusseldorf, Tim Summers, Royal Holloway, University of London.</subfield>
  </datafield>
  <datafield tag="264" ind1=" " ind2="1">
    <subfield code="a">Cambridge, United Kingdom :</subfield>
    <subfield code="b">Cambridge University Press,</subfield>
    <subfield code="c">2021.</subfield>
  </datafield>
  <datafield tag="300" ind1=" " ind2=" ">
    <subfield code="a">xxxv, 446 pages ;</subfield>
    <subfield code="b">illustrations :</subfield>
    <subfield code="c">25 cm.</subfield>
  </datafield>
  <datafield tag="336" ind1=" " ind2=" ">
    <subfield code="a">text</subfield>
    <subfield code="b">txt</subfield>
    <subfield code="2">rdacontent</subfield>
  </datafield>
  <datafield tag="337" ind1=" " ind2=" ">
    <subfield code="a">unmediated</subfield>
    <subfield code="b">n</subfield>
    <subfield code="2">rdamedia</subfield>
  </datafield>
  <datafield tag="338" ind1=" " ind2=" ">
    <subfield code="a">volume</subfield>
    <subfield code="b">nc</subfield>
    <subfield code="2">rdacarrier</subfield>
  </datafield>
  <datafield tag="490" ind1="0" ind2=" ">
    <subfield code="a">Cambridge companions to music</subfield>
  </datafield>
  <datafield tag="504" ind1=" " ind2=" ">
    <subfield code="a">Includes bibliographical references and index.
</subfield>
  </datafield>
  <datafield tag="505" ind1="0" ind2=" ">
    <subfield code="a">Before Red book: early video game music and technology / James Newman -- Chiptune, ownership and the digital underground / Kenneth B. McAlpine -- Waveform wizard: an interview with composer Junko Ozawa / Junko Ozawa, translated by Lyman Gamberton -- Building relationships: the process of creating game music / Guy Michelmore -- The inherent conflicts of musical interactivity in video games / Richard Stevens -- The triple lock of synchronization / K.J. Donnelly -- "Less music, now!": new contextual approaches to video game scoring / Rob Bridgett -- Composing for independent games: the music of Kentucky Route Zero / Ben Babbitt -- Music games / Michael L. Austin -- Autoethnography, phenomenology and hermeneutics / Michiel Kamp -- Interacting with soundscapes: music, sound effects and dialogue in video games / Elizabeth Medina-Gray -- Analytical traditions and game music: Super Mario Galaxy as a case study / Steven Reale -- Semiotics in game music / Iain Hart -- Game-music-performance: introducing a ludomusicological theory and framework / Melanie Fritsch -- A step back from reality: sound and presence in computer games and other worlds / Mark Grimshaw-Aagaard -- Audio and the experience of gaming: a cognitive-emotional approach to video game sound / Dana Plank -- Psychophysiological approaches to sound and music in games / Duncan Williams -- Game music and identity / Chris Tonelli -- Game music and history / James Cook -- Open worlds: globalization, localization and video game music / William Gibbons -- Female credit: excavating recognition for the Capcom sound team / Andrew Lemon and Hillegonda C. Rietveld -- Pop music, economics and marketing / Andra Iv&#x103;nescu -- Game music beyond the games / Ryan Thompson -- Producing game music concerts / Thomas B&#xF6;cker, with Melanie Fritsch and Tim Summers.</subfield>
  </datafield>
  <datafield tag="520" ind1=" " ind2=" ">
    <subfield code="a">Video game music has been permeating popular culture for over forty years. Now, reaching billions of listeners, game music encompasses a diverse spectrum of musical materials and practices. This book provides a comprehensive, up-to-date survey of video game music by a diverse group of scholars and industry professionals. The chapters and summaries consolidate existing knowledge and present tools for readers to engage with the music in new ways. Many popular games are analysed, including Super Mario Galaxy, Bastion, The Last of Us, Kentucky Route Zero and the Katamari, Gran Turismo and Tales series. Topics include chiptunes, compositional processes, localization, history and game music concerts. The book also engages with other disciplines such as psychology, music analysis, business strategy and critical theory, and will prove an equally valuable resource for readers active in the industry, composers or designers, and music students and scholars.</subfield>
  </datafield>
  <datafield tag="650" ind1=" " ind2="7">
    <subfield code="a">Video game music.</subfield>
    <subfield code="2">BUEsh</subfield>
  </datafield>
  <datafield tag="650" ind1=" " ind2="7">
    <subfield code="a">Computer game music.</subfield>
    <subfield code="2">BUEsh</subfield>
  </datafield>
  <datafield tag="653" ind1=" " ind2=" ">
    <subfield code="c">April2026</subfield>
    <subfield code="b">ART</subfield>
  </datafield>
  <datafield tag="655" ind1=" " ind2=" ">
    <subfield code="v">Reading book</subfield>
  </datafield>
  <datafield tag="700" ind1="1" ind2=" ">
    <subfield code="a">Fritsch, Melanie,</subfield>
    <subfield code="e">editor.</subfield>
  </datafield>
  <datafield tag="700" ind1="1" ind2=" ">
    <subfield code="a">Summers, Tim,</subfield>
    <subfield code="d">1987-</subfield>
    <subfield code="e">editor.</subfield>
  </datafield>
  <datafield tag="776" ind1="0" ind2="8">
    <subfield code="i">ebook version :</subfield>
    <subfield code="z">9781108609197</subfield>
  </datafield>
  <datafield tag="942" ind1=" " ind2=" ">
    <subfield code="2">ddc</subfield>
    <subfield code="c">BB</subfield>
  </datafield>
  <datafield tag="999" ind1=" " ind2=" ">
    <subfield code="c">31180</subfield>
    <subfield code="d">31151</subfield>
  </datafield>
  <datafield tag="952" ind1=" " ind2=" ">
    <subfield code="0">0</subfield>
    <subfield code="1">0</subfield>
    <subfield code="2">ddc</subfield>
    <subfield code="4">0</subfield>
    <subfield code="7">0</subfield>
    <subfield code="8">Baccah</subfield>
    <subfield code="a">MAIN</subfield>
    <subfield code="b">MAIN</subfield>
    <subfield code="c">2ND</subfield>
    <subfield code="d">2026-04-07</subfield>
    <subfield code="e">Purchase</subfield>
    <subfield code="g">6220.00</subfield>
    <subfield code="h">40175</subfield>
    <subfield code="l">0</subfield>
    <subfield code="o">781.54 CAM</subfield>
    <subfield code="p">000057602</subfield>
    <subfield code="r">2026-04-07 00:00:00</subfield>
    <subfield code="v">7775.00</subfield>
    <subfield code="w">2026-04-07</subfield>
    <subfield code="y">BB</subfield>
  </datafield>
</record>
